Presidentes de Comunidades Autónomas: Comunitat Valenciana - Estadísticas

Estadísticas generales
  • Esta prueba ha sido intentada 56 veces
    17 desde el último reinicio
  • La puntuación promedio es 6 de 10
Estadísticas de respuestas
Período President % Correcto
2023-2025 Carlos Mazón
100%
2003-2011 Francisco Camps
100%
2015-2023 Ximo Puig
94%
1995-2002 Eduardo Zaplana
81%
2025-Act. Juanfran Pérez Llorca
81%
2011-2015 Alberto Fabra
75%
1982-1995 Joan Lerma
44%
2002-2003 José Luis Olivas
25%
1978-1979 Josep Lluís Albiñana
13%
1979-1982 Enrique Monsonís
6%
No se encontraron pruebas coincidentes
Distribución de puntuación
Porcentaje de gente con cada puntuación
Porcentaje por número respondido
Historial de tus puntuaciones
No has intentado esta prueba desde el último reinicio